Troisième voyage de Cook, ou Voyage a l'Océan Pacifique (Record no. 153258)
[ view plain ]
| 000 -LEADER | |
|---|---|
| campo de control de longitud fija | 01102nam a2200241 i 4500 |
| 001 - NÚMERO DE CONTROL | |
| campo de control | 153258 |
| 003 - IDENTIFICADOR DE NÚMERO DE CONTROL | |
| campo de control | ES-MaACL |
| 005 - FECHA Y HORA DE LA ÚLTIMA TRANSACCIÓN | |
| campo de control | 20250829063127.0 |
| 008 - DATOS DE LONGITUD FIJA--INFORMACIÓN GENERAL | |
| campo de control de longitud fija | 021008s1785 fr |||| |dfre d |
| 100 1# - ENTRADA PRINCIPAL--NOMBRE DE PERSONA | |
| Nombre de persona | Cook, James, |
| Fechas asociadas al nombre | 1728-1779 |
| 9 (RLIN) | 126569 |
| 245 10 - MENCIÓN DEL TÍTULO | |
| Título | Troisième voyage de Cook, ou Voyage a l'Océan Pacifique |
| Resto del título | : ordonné par le Roi d'Angleterre, pour faire des Déconvertes dans l'Hémisphere Nord ... / |
| Mención de responsabilidad, etc. | traduit de l'anglois par M.D.*** ; tome premier. |
| 260 ## - PUBLICACIÓN, DISTRIBUCIÓN, ETC. | |
| Lugar de publicación, distribución, etc. | A Paris : |
| Nombre del editor, distribuidor, etc. | Hôtel de Thou, rue des Poitevins, |
| Fecha de publicación, distribución, etc. | 1785. |
| 300 ## - DESCRIPCIÓN FÍSICA | |
| Extensión | 1 v. ([4], 120, 512 p.) ; |
| Dimensiones | 21 cm. |
| 530 ## - NOTA DISPONIBLE DE FORMULARIO FÍSICO ADICIONAL | |
| Nota de formato físico adicional disponible | Disponible en formato digital. |
| 594 ## - Nota al título y mención de responsabilidad | |
| Nota al título y mención de responsabilidad | Según Brunnet, II, p. 255, el trad. es Démennier. |
| 596 ## - NOTA AL PIE DE IMPRENTA | |
| NOTA AL PIE DE IMPRENTA | Charles Joseph Panckoucke trabajó en el Hôtel de Thou. |
| 597 ## - NOTA DE DESCRIPCIÓN FÍSICA | |
| NOTA DE DESCRIPCIÓN FÍSICA | Sign.: [ ]2, a-g8, h4, A-I8. |
| 597 ## - NOTA DE DESCRIPCIÓN FÍSICA | |
| NOTA DE DESCRIPCIÓN FÍSICA | Antep. |
| 650 #4 - PUNTO DE ACCESO ADICIONAL DE MATERIA--TÉRMINO DE MATERIA | |
| Término de materia o nombre geográfico como elemento de entrada | Viajes alrededor del mundo- |
| Subdivisión cronológica | S.XVIII. |
| 9 (RLIN) | 159809 |
| 852 ## - LOCALIZACIÓN | |
| Ubicación | ES-MaACL |
| Número de control de estantería | R-2104 |
| Nota libre | - Enc. pasta española con filetes dorados |
| Encuadernación | - Olim: G-270. |
| 856 ## - LOCALIZACIÓN Y ACCESO ELECTRÓNICOS | |
| Identificador Uniforme de Recursos | <a href="https://archive.org/details/cihm_17690 ">https://archive.org/details/cihm_17690 </a> |
| Nota pública | Internet Archive |
| Estatus retirado | Estado de pérdida | Estado de daño | No para préstamo | Colección | Biblioteca de origen | Biblioteca actual | Ubicación en estantería | Fecha de adquisición | Fuente de adquisición | Total de préstamos | Signatura topográfica completa | Código de barras | Visto por última vez | Precio de reemplazo | Tipo de ítem Koha |
|---|---|---|---|---|---|---|---|---|---|---|---|---|---|---|---|
| Colección digital | Biblioteca del Ateneo de Madrid | Biblioteca del Ateneo de Madrid | Depósito | 17/01/2008 | R-2104 | 1160151 | 23/02/2023 | 23/02/2023 | Libro impreso antiguo |
